Sedmentation on the modern carbonate tidal flats on north west andios Island bahamas (Record no. 55806)

MARC details
000 -LEADER
fixed length control field 00740nam a2200253Ia 4500
003 - CONTROL NUMBER IDENTIFIER
control field OSt
005 - DATE AND TIME OF LATEST TRANSACTION
control field 20220912150831.0
008 - FIXED-LENGTH DATA ELEMENTS--GENERAL INFORMATION
fixed length control field 220909b |||||||| |||| 00| 0 eng d
037 ## - SOURCE OF ACQUISITION
Terms of availability Textual
040 ## - CATALOGING SOURCE
Original cataloging agency CSL
Language of cataloging eng
Transcribing agency CSL
041 ## - LANGUAGE CODE
Language code of text/sound track or separate title eng
100 ## - MAIN ENTRY--PERSONAL NAME
Personal name Hardie L A Ed.
245 #0 - TITLE STATEMENT
Title Sedmentation on the modern carbonate tidal flats on north west andios Island bahamas
260 ## - PUBLICATION, DISTRIBUTION, ETC.
Place of publication, distribution, etc. Bahamas
Name of publisher, distributor, etc. Baltimore
Date of publication, distribution, etc. 1977
300 ## - PHYSICAL DESCRIPTION
Extent xii, 202p.
Dimensions cm.
490 ## - SERIES STATEMENT
Series statement John Hopking University Studies in Geology; 22
500 ## - GENERAL NOTE
General note Bibliography 190-96p
942 ## - ADDED ENTRY ELEMENTS (KOHA)
Classification part U25.7928, L7
Koha item type Textual
Source of classification or shelving scheme Colon Classification (CC)
Holdings
Withdrawn status Lost status Damaged status Not for loan Home library Current library Date acquired Total Checkouts Full call number Barcode Date last seen Price effective from Koha item type
        Central Science Library Central Science Library 2022-09-12   U25.7928 L7 SL0954075 2022-09-12 2022-09-12 Textual
Copyright @ Delhi University Library System